| 000 | 00640nam a2200241Ia 4500 | ||
|---|---|---|---|
| 003 | OSt | ||
| 005 | 20221007070746.0 | ||
| 006 | a|||||r|||| 00| 0 | ||
| 007 | ta | ||
| 008 | 221006b |||||||| |||| 00| 0 eng d | ||
| 024 | _a43,151 | ||
| 037 | _cTextual | ||
| 040 |
_aFLL _cFLL _beng |
||
| 041 |
_2eng _aeng |
||
| 082 | _aZ1,91, Q2 | ||
| 100 |
_aBogdandy A.V. _9687654 |
||
| 245 | 0 | _aInternational judicial lawmaking | |
| 260 |
_aHeidelberg _bSpringer _c2012 |
||
| 300 |
_a509 xvii _ccm. |
||
| 700 |
_a Venzke I. _9687655 |
||
| 942 |
_hZ1,91, Q2 _cTEXL _2CC |
||
| 999 |
_c1141458 _d1141458 |
||